Most Populated States of The USA - Statistics

General Stats
  • This quiz has been taken 123 times
  • The average score is 9 of 10
Answer Stats
Hint Answer % Correct
1. C California
99%
3. F Florida
99%
2. T Texas
98%
4. N New York
97%
8. G Georgia
93%
6. P Pennsylvania
92%
5. I Illinois
87%
7. O Ohio
86%
10.M Michigan
76%
9. N North Carolina
74%
No matching quizzes found
Score Distribution
Percent of People with Each Score
Percentile by Number Answered
Your Score History
You have not taken this quiz